Výstava majstra Bukovinského v Leviciach

Správa o výstave žiaka rumunskej maliarskej akadémie akad. maliara Júliusa Bukovinského v Leviciach (dátum neuvedený)

Bibliographic Details
Format: Article
Language:Slovak
Subjects:

MARC

LEADER 00000nab a22000001a 4500
001 vtls008997122
003 SK-MaSNL
005 20260303065758.0
008 070607d19380514xo |r|p|||| |000 b|slo
015 |a SNBRRBVU1918-1938 
038 |a SNKBUCL 
038 |a SNKBUVU 
040 |a SNKBUVU  |b slo  |c SNKBUCL  |e AACR2 
041 0 |a slo 
044 |a xo  |c SK 
080 |a 75.071.1:061.4  |2 1997 
245 0 0 |a Výstava majstra Bukovinského v Leviciach  |c [autor] Stup. 
500 |a V rubrike Kultúra 
520 |a Správa o výstave žiaka rumunskej maliarskej akadémie akad. maliara Júliusa Bukovinského v Leviciach (dátum neuvedený) 
600 1 7 |a Bukovinský, Július,  |d 1903-1975  |2 MM  |9 215852 
648 7 |a 1938  |2 MM  |9 310540 
650 0 7 |a slovenské maliarstvo  |2 MM  |9 3124 
650 0 7 |a výstavy  |2 snkbucl  |9 2780 
651 7 |a Levice (Slovensko)  |2 MM  |9 55713 
773 0 |t Slovenská politika  |g Roč. 19, č. 113 (14.5.1938), s. 2 
852 |a SNK  |b KIS3GCP 
910 |a snkrbvumm 
958 |a VY 
999 |c 1752659  |d 1754589